000 00729nam a2200253Ia 4500
003 OSt
005 20220924123512.0
006 a|||||r|||| 00| 0
007 ta
008 220923b |||||||| |||| 00| 0 urd d
020 _c160
024 _a285500
037 _b4311, 19/11/2014, Kitabi Duniya
_cTextual
040 _aARTS
_cARTS
_burd
041 _2urd
_aurd
082 _aO168,1:g, N9
100 _aAra Arjumand Ed.
_9192969
245 0 _aMasnavi lakht-e-jigar
260 _aNew Delhi
_b Anjuman Taraqqi Urdu India
_c1999
300 _a214p.
_ccm.
650 _aURDU POETRY
942 _hO168,1:g, N9
_cTEXL
_2CC
999 _c415990
_d415990